<?xml version="1.0" encoding="UTF-8"?><?xml-stylesheet type="text/xsl" href="static/style.xsl"?><OAI-PMH xmlns="http://www.openarchives.org/OAI/2.0/" xmlns:xsi="http://www.w3.org/2001/XMLSchema-instance" xsi:schemaLocation="http://www.openarchives.org/OAI/2.0/ http://www.openarchives.org/OAI/2.0/OAI-PMH.xsd"><responseDate>2026-06-02T05:19:23Z</responseDate><request verb="GetRecord" identifier="oai:riuma.uma.es:10630/24862" metadataPrefix="marc">https://riuma.uma.es/rest/oai/request</request><GetRecord><record><header><identifier>oai:riuma.uma.es:10630/24862</identifier><datestamp>2026-02-03T12:06:40Z</datestamp><setSpec>com_10630_2254</setSpec><setSpec>col_10630_37959</setSpec></header><metadata><record xmlns="http://www.loc.gov/MARC21/slim" xmlns:dcterms="http://purl.org/dc/terms/" xmlns:doc="http://www.lyncode.com/xoai" xmlns:xsi="http://www.w3.org/2001/XMLSchema-instance" xsi:schemaLocation="http://www.loc.gov/MARC21/slim http://www.loc.gov/standards/marcxml/schema/MARC21slim.xsd">
   <leader>00925njm 22002777a 4500</leader>
   <datafield ind2=" " ind1=" " tag="042">
      <subfield code="a">dc</subfield>
   </datafield>
   <datafield ind2=" " ind1=" " tag="720">
      <subfield code="a">Bravo Banderas, Leticia</subfield>
      <subfield code="e">author</subfield>
   </datafield>
   <datafield ind2=" " ind1=" " tag="720">
      <subfield code="a">Rodríguez-Ayllón, Jesús Alejandro</subfield>
      <subfield code="e">author</subfield>
   </datafield>
   <datafield ind2=" " ind1=" " tag="260">
      <subfield code="c">2022</subfield>
   </datafield>
   <datafield ind2=" " ind1=" " tag="520">
      <subfield code="a">En esta ponencia se trata de ahondar en la figura de Beatrix Potter, a la que habitualmente solemos ver como una escritora e ilustradora de literatura infantil. Sin embargo su figura va más allá. Beatrix Potter nació en el seno de una familia de la alta sociedad inglesa cuyos padres albergaban para ella las esperanzas propias de una joven victoriana de su clase Ya desde muy niña resultó evidente que no era como los demás, ni como se esperaba de una niña, ni como eran los adultos que la rodeaban: tenía ideas propias y no tenía miedo a verbalizarlas. Fue autodidacta. Rechazó todas las convenciones sociales a las que estaba llamada por su nacimiento. Fue no solo escritora e ilustradora, sino también, empresaria y experta en marketing; granjera y activista por el medioambiente y una defensora a ultranza del bienestar y la independencia de las mujeres. &#xd;
Su legado va mucho más allá de su magnífica obra literaria. Su figura y su obra nos parece de la máxima actualidad y pertinencia. Como herramienta didáctica para la educación en valores que perseguimos lo tiene todo, porque Beatrix Potter fue una niña, una mujer, una creadora extraordinaria.</subfield>
   </datafield>
   <datafield ind1="8" ind2=" " tag="024">
      <subfield code="a">https://hdl.handle.net/10630/24862</subfield>
   </datafield>
   <datafield tag="653" ind2=" " ind1=" ">
      <subfield code="a">Ilustración artística</subfield>
   </datafield>
   <datafield tag="653" ind2=" " ind1=" ">
      <subfield code="a">Ilustradoras</subfield>
   </datafield>
   <datafield ind2="0" ind1="0" tag="245">
      <subfield code="a">Regreso al pasado: Beatrix Potter, una escritora para el presente y para el futuro</subfield>
   </datafield>
</record>
</metadata></record></GetRecord></OAI-PMH>